| 000 | 00594nam a2200205 a 4500 | ||
|---|---|---|---|
| 005 | 20220603063733.0 | ||
| 008 | 140520s1991 es r 000 0 spa d | ||
| 020 | _a8426125883 | ||
| 035 | _aUPN01000197341 | ||
| 049 | _aI | ||
| 050 | 4 |
_aPZ78 _bB3.38 |
|
| 100 | 1 |
_aBach Juncadella, Mauricio, _d1965- _935561 |
|
| 245 | 1 | 0 |
_aCuentopostales / _cMauricio Bach Juncadella ; il. Montse Ginesta. |
| 260 |
_aBarcelona, Esp. : _bJuventud, _c1991. |
||
| 300 |
_a96 p. : _bil. col. |
||
| 440 | 3 | _aLa hora del cuento | |
| 650 | 4 |
_aCuentos infantiles _96744 |
|
| 905 | _aInfantil | ||
| 999 |
_c169442 _d169442 |
||